Città con gli Edifici più alti - Spagna - Statistics

Statistiche generali
  • Questo quiz è stato fatto 28 volte
  • Il punteggio medio è 8 su 10
Statistiche sulle risposte
Edificio Altezza (m) Città % Corretto
Torre de Cristal 249 Madrid
100%
Torre Cepsa 248,3 Madrid
100%
Torre PwC 236 Madrid
100%
Torre Emperador 230 Madrid
100%
Caleido 181 Madrid
100%
Torre Picasso 156 Madrid
100%
Torre Sevilla 180,5 Siviglia
84%
Torre Iberdrola 165 Bilbao
72%
Residencial Intempo 202 Benidorm
36%
Gran Hotel Bali 186 Benidorm
36%
Nessun quiz corrispondente trovato
Distribuzione punteggi
Percentuale di utenti per punteggio
Percentile per numero di risposta
I tuoi punteggi nel tempo
Non hai fatto questo quiz